000 00694cam a2200169 i 4500
005 20251124114730.0
008 250721s2002 jo gr 000 0 ara d
082 1 4 _a211.61
_bج ي ز
100 1 _aالجيزاوي، أحمد أبو سعدون
_eمؤلف.
245 1 2 _aالكامل في إعراب القرآن و تفسير ما يسره الرحمن /
_cاحمد ابو سعدون الجيزاوي ؛ قدم له الدكتور محمد ربيع.
264 3 1 _aجرش :
_bدار أوغاريت للنشر والتوزيع،
_c2002.
300 _a273 صفحة.
650 1 7 _aالقران الكريم.
650 1 7 _aاعراب القران.
942 _2ddc
_cBK
999 _c88296
_d88296